000 00501pab a2200181 454500
008 180718b2004 xxu||||| |||| 00| 0 eng d
100 _aTorpe, Lars
245 _aDigital communication between local authorities and citizens in Denmark
260 _c2004
300 _ap.230-44.
362 _aSummer
650 _aNationality - Denmark
650 _aLocal government - Denmark
650 _aLocal government
700 _aNielsen, Jeppe
773 _aLocal Government Studies
909 _a63126
999 _c63126
_d63126